SCH: Dans quel son ? - Statistiques

Statistiques générales
  • Ce quiz a été pris 177 fois
  • Le résultat moyen est 4 sur 14
Statistiques - réponses
Phrases Titres % Correct
Si tu m'entends, j'suis entier, j't'ai dit : "Chérie, attends moi, j'suis en guerre" Fusil
87%
Yeux tout black, j'reprends ton rrain-té comme l'Antéchrist Otto
69%
J'ai cogné ma tête, j'me suis réveillé millionnaire, des millions d'amis, des millions d'ennemis Le code
50%
On aime pas Marine et son faciès, y a pas d'héros dans ma zone Gedeon
43%
J't'ai pas répondu comme si j'savais T'étais bourré, qu'moi j'étais sobre , nan, j'ai pas trouvé le temps, désolé Day date
27%
Chaud comme l'Etna, j'sors d'un fourgon noir à l'aube, j'tiens deux Beretta Mafia
26%
Si tout va bien quand tout va mal en même temps c'est qu'y a une couille dans l'histoire Ah gars
23%
On tient les 'teilles et les volants, j'suis là pour un maximum de moules, j'étais pété, j'savais que l'temps c'était des sous, à quinze ans, j'étais soûl Les années de plomb
23%
Dis à ton chien qu'il lui manque que la parole, moi, j'dis à ma re-m' qu'il lui manque que les ailes X2
22%
Sûr qu'ils passeront pas l'hiver, vu la taille d'mes jouets, sûr qu'ils sont v'la en galère, J't'oublie, des ennemis, j'en ai trop Ma kush
19%
J'ai encore d'l'ammoniaque sur les doigts, on tourne comme si on a tous les droits Niobe
17%
Des pythons sur des fronts, des couteaux sous la gorge, moi, j'veux mettre dix minutes du portail à la porte 9113
11%
Mathafack, j'ai pas b'soin d'un doc', j'ai pris c'qui y a dans mon cœur, j'l'ai mis dans mon Glock Lilou dallas
9%
Bâtard j’interromps ta mascarade, j'suis comme tout mes cafards : j'fais des ronds, Mathafack j'suis instable Titvs
4%
Aucun quiz correspondant
Distribution des résultats
% des personnes avec chaque résultat
Percentile par nombre de réponses
Votre historique - résultats
Vous n’avez pas pris ce quiz